000 00652nam a22001697a 4500
003 UA-OsUOA
001 14310
007 ta
008 20030811b un ||||| |||| 00| 0 ukr d
942 _cSA
040 _aUA-OsUOA
_cUA-OsUOA
_dUA-OsUOA
245 _aСмизькому дитячому оркестру - 30: [Про зразк. дит. духовий оркестр "Смига" з с. Смига Дубен.р-ну, який святкує 30-річчя з дня заснування]
300 _aС.2
955 _a0
773 0 _w0
_tСкриня
_dДубно
_d2003
_g№22/29 трав./
650 7 _aКраєзнавча робота
_2UDC
999 _c300471
_d300471